| 000 | 00394 a2200157 4500 | ||
|---|---|---|---|
| 001 | 68108 | ||
| 020 | _a9783126065238 | ||
| 040 | _cAnchieta - Pituba | ||
| 100 | _aGrotjahn, Rüdiger | ||
| 240 | 1 | 0 |
_aCurriculare vorgaben und unterrichtsplanung _ldeu / ger |
| 245 | 1 | 0 | _aCurriculare vorgaben und unterrichtsplanung |
| 300 | _a152 | ||
| 362 | 0 | _a2013 | |
| 650 | 4 | _aLíngua alemã | |
| 942 | _cBK | ||
| 999 |
_c68108 _d68108 |
||